ხმა მღაღადებლისა : (ბიბ.ჩანაწერი № 39550)
[ მარტივი ფორმატი ]
| 000 -ლიდერი | |
|---|---|
| ფიქსირებული სიგრძის საკონტროლო ველი | 00912nam a2200241Ia 4500 |
| 001 - საკონტროლო ნომერი | |
| საკონტროლო ველი | 6149 |
| 003 - საკონტროლო ნომრის იდენტიფიკატორი | |
| საკონტროლო ველი | GE_BSU |
| 005 - ბოლო ოპერაციის თარიღი და დრო | |
| საკონტროლო ველი | 20191206164811.0 |
| 008 - ფიქსირებული სიგრძის მონაცემთა ელემენტები - ზოგადი ინფორმაცია | |
| ფიქსირებული სიგრძის საკონტროლო ველი | 181216s1991||||ge |||||||||||||| ||geo|| |
| 020 ## - წიგნის საერთაშორისო სტანდარტული ნომერი | |
| International Standard Book Number | 5529009131 |
| 040 ## - კატალოგიზაციის წყარო | |
| Transcribing agency | GE_BSU |
| 041 ## - ენის კოდი | |
| Language code of text/sound track or separate title | geo |
| 080 ## - უნივერსალური ათობითი კლასიფიკაციის ინდექსი | |
| Universal Decimal Classification number | 821.353.1-31 გ-26 |
| 100 ## - მთავარი ჩანაწერი - პიროვნების სახელი | |
| Personal name | გეგეშიძე, გურამ |
| 9 (RLIN) | 5631 |
| 245 ## - ცნობა სათაურის შესახებ | |
| Title | ხმა მღაღადებლისა : |
| Remainder of title | რომანი / |
| Statement of responsibility, etc | გურამ გეგეშიძე ; რედ. ზ. ტატიშვილი. |
| 250 ## - გამოცემის ცნობა | |
| Edition statement | მეორე გამოცემა. |
| 264 ## - წარმოების, გამოცემის, დისტრიბუციის და სხვა ცნობები | |
| გამოცემის, წარმოების, დისტრიბუციის... ადგილი | თბილისი : |
| გამოცემის, წარმოების, დისტრიბუციის... სახელწოდება | საქართველო, |
| გამოცემის, წარმოების, დისტრიბუციის... თარიღი | 1991. |
| 300 ## - ფიზიკური აღწერა | |
| Extent | 510 გვ. ; |
| Dimensions | 20 სმ. |
| 653 ## - INDEX TERM--UNCONTROLLED | |
| Uncontrolled term | რომანი |
| 653 ## - INDEX TERM--UNCONTROLLED | |
| Uncontrolled term | ხმა მღაღადებლისა |
| 700 ## - ADDED ENTRY--PERSONAL NAME | |
| Personal name | ტატიშვილი, ზ. |
| Relator term | რედაქტორი |
| 9 (RLIN) | 5706 |
| 942 ## - ADDED ENTRY ELEMENTS (KOHA) | |
| Koha item type | წიგნი |
| Source of classification or shelving scheme | |
| ჩამოწერის სტატუსი | დაკარგული ეგზემპლარის სტატუსი | კლასიფიკაციის წყარო ან თაროზე გაწყობის სქემა | დაზიანების სტატუსი | არ გაიცემა | მუდმივი მდებარეობა (დაცვის ადგილი) | ამჟამინდელი ადგილსამყოფელი | თაროზე განთავსების ადგილი | შეძენის თარიღი | ღირებულება, შესყიდვის ნორმალური ფასი | სრული შენახვის შიფრი | შტრიხკოდი | ბოლო ოპერაციის თარიღი | ეგზემპლარის მიმდევრობითი ნომერი (კეტერი?) | ფასის ძალაში შესვლის თარიღი | ეგზემპლარის სახეობა | საჯარო შენიშვნა | Uniform Resource Identifier |
|---|---|---|---|---|---|---|---|---|---|---|---|---|---|---|---|---|---|
| ბათუმის შოთა რუსთაველის სახელმწიფო უნივერსიტეტის მთავარი ბიბლიოთეკა | ბათუმის შოთა რუსთაველის სახელმწიფო უნივერსიტეტის მთავარი ბიბლიოთეკა | წიგნსაცავი | 2018-12-17 | 20.00 | 821.353.1-31 გ-26 | 14449 | 2018-12-17 | 14449 | 2018-12-17 | წიგნი | 20.00 ლ. | ||||||
| ბათუმის შოთა რუსთაველის სახელმწიფო უნივერსიტეტის მთავარი ბიბლიოთეკა | ბათუმის შოთა რუსთაველის სახელმწიფო უნივერსიტეტის მთავარი ბიბლიოთეკა | წიგნსაცავი | 2018-12-17 | 20.00 | 821.353.1-31 გ-26 | 14450 | 2018-12-17 | 14450 | 2018-12-17 | წიგნი | 20.00 ლ. | ||||||
| ბათუმის შოთა რუსთაველის სახელმწიფო უნივერსიტეტის მთავარი ბიბლიოთეკა | ბათუმის შოთა რუსთაველის სახელმწიფო უნივერსიტეტის მთავარი ბიბლიოთეკა | წიგნსაცავი | 2018-12-17 | 20.00 | 821.353.1-31 გ-26 | 14451 | 2018-12-17 | 14451 | 2018-12-17 | წიგნი | 20.00 ლ. | ||||||
| ბათუმის შოთა რუსთაველის სახელმწიფო უნივერსიტეტის მთავარი ბიბლიოთეკა | ბათუმის შოთა რუსთაველის სახელმწიფო უნივერსიტეტის მთავარი ბიბლიოთეკა | წიგნსაცავი | 2018-12-17 | 205.00 | 821.353.1-31 გ-26 | 14452 | 2018-12-17 | 14452 | 2018-12-17 | წიგნი | 20.00 ლ. | ||||||
| ბათუმის შოთა რუსთაველის სახელმწიფო უნივერსიტეტის მთავარი ბიბლიოთეკა | ბათუმის შოთა რუსთაველის სახელმწიფო უნივერსიტეტის მთავარი ბიბლიოთეკა | წიგნსაცავი | 2018-12-17 | 20.00 | 821.353.1-31 გ-26 | 14453 | 2018-12-17 | 14453 | 2018-12-17 | წიგნი | 20.00 ლ. | ||||||
| ბათუმის შოთა რუსთაველის სახელმწიფო უნივერსიტეტის მთავარი ბიბლიოთეკა | ბათუმის შოთა რუსთაველის სახელმწიფო უნივერსიტეტის მთავარი ბიბლიოთეკა | წიგნსაცავი | 2025-12-05 | 12.00 | 821.353.1-31 გ-26 | 73225 | 2025-12-05 | 73225 | 2025-12-05 | წიგნი | 12 ლ. | საჩუქარი საქართველოს ეროვნული ბიბლიოთეკისაგან |
